Fiscal sustainability in Central and Eastern European Countries - a post-crisis assessment

Analýza udržateľnosti verejných financií v 10 krajinách SVE. Hodnotenie udržateľnosti prevedné testami panelovej stacionarity a kointegrácie. Preukázaná dlhodobá korelácia objemu príjmov a výdavkov štátneho rozpočtu.

Gespeichert in:
Bibliographische Detailangaben
1. Verfasser: Krajewski, Piotr
Weitere Verfasser: Mackiewicz, Michal, Szymańska, Agata
Format: Buchkapitel
Sprache:Englisch
Schlagworte:
Tags: Tag hinzufügen
Keine Tags, Fügen Sie das erste Tag hinzu!

MARC

LEADER 00000naa a2200000 4500
001 0222063
005 20230912081403.7
041 0 |a eng 
044 |a CZ 
245 1 0 |a Fiscal sustainability in Central and Eastern European Countries - a post-crisis assessment  |c Piotr Krajewski, Michal Mackiewicz, Agata Szymańska 
520 |a Analýza udržateľnosti verejných financií v 10 krajinách SVE. Hodnotenie udržateľnosti prevedné testami panelovej stacionarity a kointegrácie. Preukázaná dlhodobá korelácia objemu príjmov a výdavkov štátneho rozpočtu. 
610 2 0 |a rozpočet štátny 
610 2 0 |a príjmy rozpočtu štátneho 
610 2 0 |a výdavky rozpočtu štátneho 
610 2 0 |a politika fiškálna 
610 2 0 |a financie verejné 
610 2 0 |a stredná Európa 
610 2 0 |a dlhy verejné 
610 2 0 |a východná Európa 
100 1 |a Krajewski, Piotr 
700 1 |a Mackiewicz, Michal 
700 1 |a Szymańska, Agata